000 00711nam a2200253Ia 4500
001 9763
003 GE_BSU
008 181216s||||||||xx |||||||||||||| ||und||
020 _a9994090917
040 _cGE_BSU
080 _a821.353.1–1
100 _aდოლიძე,გენრი (ჰენრი)
245 _aმთვრალი დაისი
245 _bლექსები
245 _cრედ. ლ.გვასალია.
260 _aთბილისი
260 _bზანი
260 _c2001
300 _a64გვ.ფოტო.20სმ.
541 _h2ლ.
653 _aლექსები
653 _aმთვრალი დაისი
942 _cBK
999 _c43043
_d43043